Catálogo público

The Texas drylot lamb feeding industry : operational characteristics and costs / (Record no. 164044)

MARC details
000 -CABECERA
campo de control de longitud fija 00919nam a2200301Ia 4500
001 - NÚMERO DE CONTROL
campo de control Z_968
003 - IDENTIFICADOR DEL NÚMERO DE CONTROL
campo de control CHAP
008 - DATOS DE LONGITUD FIJA--INFORMACIÓN GENERAL
campo de control de longitud fija 220113s1990 xx 000 0 und d
010 ## - NÚMERO DE CONTROL DE LA BIBLIOTECA DEL CONGRESO
Número de control de LC 164044
040 ## - FUENTE DE LA CATALOGACIÓN
Centro/agencia transcriptor CHAP
090 ## - LOCALMENTE ASIGNADO TIPO-LC NÚMERO DE CLASIFICACIÓN (OCLC); NÚMERO DE CLASIFICACIÓN LOCAL (RLIN)
Número de clasificación (OCLC) (R) ; Numero de clasificación, CALL (RLIN) (NR) Folleto 226
100 ## - ENTRADA PRINCIPAL--NOMBRE DE PERSONA
Nombre de persona Dietrich, R A
9 (RLIN) 32547
245 ## - MENCIÓN DE TÍTULO
Título The Texas drylot lamb feeding industry : operational characteristics and costs /
Mención de responsabilidad, etc. by R.A. Dietrich, J.R. Conner and G.K. Wenzel
260 ## - PUBLICACIÓN, DISTRIBUCIÓN, ETC.
Lugar de publicación, distribución, etc. College Station Texas :
Nombre del editor, distribuidor, etc. Texas A & M University,
Fecha de publicación, distribución, etc. 1990
300 ## - DESCRIPCIÓN FÍSICA
Extensión 23 h.
440 ## - MENCIÓN DE SERIE/PUNTO DE ACCESO ADICIONAL--TÍTULO
Título Texas Agr. Exp. Sta; B 1632
9 (RLIN) 138104
500 ## - NOTA GENERAL
Nota general
503 ## - NOTA DE HISTORIA BIBLIOGRÁFICA (BK CF MU) [OBSOLETO]
Nota de historia bibliográfica
650 ## - PUNTO DE ACCESO ADICIONAL DE MATERIA--TÉRMINO DE MATERIA
Término de materia o nombre geográfico como elemento de entrada Alimentos y alimentación del ganado
Subdivisión general Industria I. Conner, J. R. II. Wenzel, G K.
9 (RLIN) 138105
650 ## - PUNTO DE ACCESO ADICIONAL DE MATERIA--TÉRMINO DE MATERIA
Término de materia o nombre geográfico como elemento de entrada Ganado lanar
Subdivisión general Alimentación
9 (RLIN) 45153
650 ## - PUNTO DE ACCESO ADICIONAL DE MATERIA--TÉRMINO DE MATERIA
Término de materia o nombre geográfico como elemento de entrada Ganado lanar
Subdivisión general Texas
9 (RLIN) 45225
901 ## - ELEMENTOS DE DATOS A LOCAL LDA (RLIN)
a Folleto 226
902 ## - ELEMENTOS DE DATOS B LOCAL, LDB (RLIN)
a A
910 ## - DATOS DE OPCIÓN DEL USUARIO (OCLC)
Datos de opción del usuario 1990
942 ## - ELEMENTOS DE PUNTO DE ACCESO ADICIONAL (KOHA)
Tipo de ítem Koha
942 ## - ELEMENTOS DE PUNTO DE ACCESO ADICIONAL (KOHA)
Tipo de ítem Koha
Holdings
Estado de retiro Estado de pérdida Estado dañado No para préstamo Código de colección Localización permanente Ubicación/localización actual Ubicación en estantería Fecha de adquisición Información codificada de la localización en otra ubicación Total de préstamos Código de barras Fecha visto por última vez Número de copia Precio válido a partir de Tipo de ítem Koha Nota pública
        Folletos Zootecnia Zootecnia   09/11/2005 c14   z_A0201 18/01/2022 1 18/01/2022 Folleto 3